Biathlon Weltcupsieger 25/26 - Statistiken

Allgemein
  • Dieses Quiz wurde 11 mal gespielt
  • Das Durchschnittsergebnis liegt bei 15 aus 18
Antwortstatistiken
Siege Biathletin % Korrekt
3 Julia Simon
100%
1 Dorothea Wierer
90%
3 Elvira Öberg
90%
4 Éric Perrot
90%
4 Hanna Öberg
90%
3 Lisa Vittozzi
90%
3 Lou Jeanmonnot
90%
1 Sebastian Samuelsson
90%
5 Sturla Holm Laegreid
90%
4 Johan-Olav Smoerdal Botn
80%
1 Suvi Minkkinen
80%
4 Tommaso Giacomel
80%
1 Vetle Sjaastad Christiansen
80%
1 Johannes Dale-Skjevdal
70%
1 Quentin Fillon-Maillet
70%
1 Justine Braisaz-Bouchet
60%
1 Lisa Theresa Hauser
60%
1 Maren Kirkeeide
60%
Keine übereinstimmenden Quizze gefunden
Verteilung der Resultate
Anzahl Personen mit jedem Resultat
Perzentil nach korrekt beantworteten Fragen
Ihre Resultats-Entwicklung
Sie haben dieses Quiz noch nicht gespielt